ბათუმის შოთა რუსთაველის სახელმწიფო უნივერსიტეტის ბიბლიოთეკა

უკვდავი ყვავილები (ბიბ.ჩანაწერი № 42412)

000 -LEADER
fixed length control field 01061nam a2200241Ia 4500
001 - CONTROL NUMBER
control field 9108
003 - CONTROL NUMBER IDENTIFIER
control field GE_BSU
008 - FIXED-LENGTH DATA ELEMENTS--GENERAL INFORMATION
fixed length control field 181216s||||||||xx |||||||||||||| ||und||
040 ## - CATALOGING SOURCE
Transcribing agency GE_BSU
080 ## - UNIVERSAL DECIMAL CLASSIFICATION NUMBER
Universal Decimal Classification number 821-1+821.161.1-1
100 ## - MAIN ENTRY--PERSONAL NAME
Personal name ლებანიძე,მურმან
245 ## - TITLE STATEMENT
Title უკვდავი ყვავილები
245 ## - TITLE STATEMENT
Remainder of title რჩეული თარგმანები:რობერტ ბერნსი,რედიარდ კიპლინგი,რუსი მგოსნები,იაპონური პოეზია,ძველეგვიპტური ლირიკა
245 ## - TITLE STATEMENT
Statement of responsibility, etc. რედ.გ.შახნაზარი.მხატვ.გ.წერეთელი
250 ## - EDITION STATEMENT
Edition statement მეორე გამ–მა
260 ## - PUBLICATION, DISTRIBUTION, ETC.
Place of publication, distribution, etc. თბილისი
260 ## - PUBLICATION, DISTRIBUTION, ETC.
Name of publisher, distributor, etc. მერანი
260 ## - PUBLICATION, DISTRIBUTION, ETC.
Date of publication, distribution, etc. 1988
300 ## - PHYSICAL DESCRIPTION
Extent 352გვ.ილ.20სმ.
653 ## - INDEX TERM--UNCONTROLLED
Uncontrolled term რჩეული თარგმანები
653 ## - INDEX TERM--UNCONTROLLED
Uncontrolled term უკვდავი ყვავილები
942 ## - ADDED ENTRY ELEMENTS (KOHA)
Koha item type წიგნი
ეგზემპლარები
Withdrawn status Lost status Damaged status Not for loan Date acquired Barcode Date last seen Price effective from Koha item type
        2018-12-17 31746 2018-12-17 2018-12-17 წიგნი
        2018-12-17 31747 2018-12-17 2018-12-17 წიგნი
        2018-12-17 31748 2018-12-17 2018-12-17 წიგნი